00750cam a2200217 a 45000010005000000030008000050050017000130080039000300200017000690350018000860400039001040410008001430820027001511000028001782450069002062600111002753000034003865000020004206500035004406500057004757983BD-RjUL20211208234515.0160114s1984 enka 001 0 eng a0821303503 : a(BD-RjUL)8028 aDLCcDLCdDLCdOCoLCdBD-RjULbeng aeng00a352.171091724219bJOM1 aJones, David C.,d1935-10aMunicipal accounting for developing countries /cDavid C. Jones. aLondon :bChartered Institute of Public Finance and Accountancy ;aWashington, D.C. :bWorld Bank,cc1984. axii, 896 p. :bill. ;c29 cm. aIncludes index. 0aMunicipal financexAccounting. 0aMunicipal financezDeveloping countriesxAccounting.